Loading...

Adolf Hitler, Benitto Musolini

Bibliographic Details
Main Author: Ross, C R
Format: Printed Book
Published: Kottayam, Kairali Childrens Book Trust 1981
Series:Mahacharithamaala
LEADER 004570000a22001330004500
040 |a MAL 
082 |a 920.02 32 M0.22 
100 |a Ross, C R 
245 |a Adolf Hitler, Benitto Musolini 
260 |a Kottayam, Kairali Childrens Book Trust 
260 |c 1981 
490 |a Mahacharithamaala  |c 22 
999 |c 26249  |d 26249 
952 |0 0  |1 0  |4 0  |6 920_020000000000000_32_M0_22  |7 0  |8 MAL  |9 26085  |a MGUL  |b MGUL  |d 2013-07-16  |l 1  |m 1  |o 920.02 32 M0.22  |p 15125  |r 2016-11-03  |s 2016-09-22  |w 2013-07-16  |y BK